1558 1028 1894 1343 1814 1063 1748 1237 1397 1542 1431 1998 1845 1463 1486 1300 1917 1681 1096 1675 1427 1857 1195 1070 2000 1089 1864 1164 1099 1306 1815 1630 1935 1543 1335 1940 1956 1938 1891 1744 1621 1321 1921 1194 1112 1606 1106 1658 1547 1071 1418 1644 1808 1525 1589 1589 1102 1695 1395 1042 1389 1434 1885 1536 1293 1312 1617 1085 1538 1123 1879 1336 1621 1003 1921 1524 1695 1805 1051 1010 1947 1056 1279 1990 1753 1944 1824 1613 1311 1461 1663 1542 1944 1938 1688 1340 1271 1198 1539 BCNSPRNW ULIB Ver.6.0+V

เปลี่ยนเป็นภาษาไทย

Change to English
 แสดงรายละเอียดบรรณานุกรม
  กลับหน้าหลัก

Brief Record : Get Marc (ISO 2709) : E-mail record : QR code < ปิดหน้าต่าง
LEADER : 00000nam 2200000uu 4500
001    13399125952
003     ULIB
008    171121s||||||||th 000 0 tha d
020    ^a9749363590
050 04 ^aนว.^bต-ก
100 0  ^aตะเกียงเดือน
245 10 ^aก๊อตซิลล่าบอย หนุ่มน้อยสุดที่รัก /^cตะเกียงเดือน
260    ^aกรุงเทพฯ :^bเลิฟเบอร์รี่บุ๊ค
300    ^a170 หน้า ;^c17 ซม.
945    ^p0^l0^i003392
999    ^aประนอม เกษจรัล
รายการนี้ยังไม่มีแท็ก
คุณยังไม่ได้ล็อกอิน คุณสามารถมีกิจกรรมร่วมกับเว็บไซต์ได้ แต่ต้องล็อกอินก่อน ::
  ล็อกอิน

รายการสื่อสารสนเทศ

ลำดับที่ ประเภท เลขเรียก/บาร์โค้ด สถานที่ สถานะ
1. วิทยาศาสตร์การแพทย์ และสุขภาพ
วิทยาศาสตร์การแพทย์ และสุขภาพ
นว. ต-ก ฉ.1 
  Barcode: 003392
ห้องสมุดวิทยาเขตสวรรค์ประชารักษ์
►นวนิยาย
บนชั้น
  ขอยืม

BibComment


ยังไม่เคยถูกคอมเมนท์

คอมเมนท์ทรัพยากรรายการนี้
  คอมเมนท์: ก๊อตซิลล่าบอย หน..


 Copyright 2026. Bcnsprnw @Library